[Event "Hart House Reading Week op"]
[Site "Toronto CAN"]
[Date "2026.02.14"]
[Round "2.2"]
[White "Razin, Vadim"]
[Black "Malakar, Saarthak"]
[Result "1-0"]
[WhiteElo "2336"]
[BlackElo "2206"]
[WhiteFideId "-1"]
[BlackFideId "-1"]
[PlyCount "163"]
[GameId "2277566675292160"]
[EventDate "2026.02.14"]
[EventType "swiss"]
[EventRounds "6"]
[EventCountry "CAN"]

1. d4 d5 2. Nf3 Nf6 3. c4 c6 4. Nc3 dxc4 5. e4 b5 6. e5 Nd5 7. a4 a6 8. axb5 cxb5 9. Nxb5 axb5 10. Rxa8 Bb7 11. Ra1 e6 12. Be2 Nc6 13. O-O Na5 14. Nd2 Bb4 15. Bf3 Qb6 16. b3 Qxd4 17. Rxa5 Bxa5 18. Nxc4 Qxd1 19. Nd6+ Ke7 20. Rxd1 Bc6 21. Bb2 Bb4 22. Ra1 Bc5 23. Rc1 Bxd6 24. Rxc6 Bb4 25. Bxd5 exd5 26. f4 Kd7 27. Ra6 Rc8 28. f5 Bc3 29. Bxc3 Rxc3 30. Ra7+ Ke8 31. Ra8+ Ke7 32. Ra7+ Ke8 33. e6 fxe6 34. fxe6 Rxb3 35. Rxg7 Re3 36. Rxh7 Rxe6 37. Rb7 Re1+ 38. Kf2 Rb1 39. h4 Rb2+ 40. Kf3 Rb3+ 41. Kf4 Rb4+ 42. Kg5 Rb3 43. g4 d4 44. Ra7 d3 45. Ra2 Rc3 46. h5 Rc5+ 47. Kg6 Rc6+ 48. Kg7 Rc7+ 49. Kf6 Rc6+ 50. Ke5 Rc5+ 51. Ke6 Rc6+ 52. Kf5 Rc5+ 53. Kf6 Rc6+ 54. Kg7 Rc7+ 55. Kg8 Rc4 56. Rg2 Re4 57. g5 Re2 58. Rg3 d2 59. Rd3 Re5 60. g6 Rxh5 61. Rxd2 b4 62. g7 Rh3 63. Rd4 b3 64. Re4+ Kd7 65. Rb4 Ke7 66. Rb8 Rf3 67. Rb7+ Ke8 68. Rb8+ Ke7 69. Rb5 Rh3 70. Re5+ Kd7 71. Rb5 Ke7 72. Rb4 Ke8 73. Re4+ Kd7 74. Kf7 Rf3+ 75. Kg6 Rg3+ 76. Kf6 b2 77. Rb4 Rf3+ 78. Ke5 Re3+ 79. Kf4 Re8 80. Rxb2 Rg8 81. Kf5 Ke7 82. Rb7+ 1-0

[Event "Hart House Reading Week op"]
[Site "Toronto CAN"]
[Date "2026.02.14"]
[Round "2.3"]
[White "Jaferian, Koosha"]
[Black "Noritsyn, Sergey"]
[Result "1-0"]
[WhiteElo "2195"]
[BlackElo "2290"]
[WhiteFideId "-1"]
[BlackFideId "-1"]
[PlyCount "57"]
[GameId "2277566675296256"]
[EventDate "2026.02.14"]
[EventType "swiss"]
[EventRounds "6"]
[EventCountry "CAN"]

1. e4 c5 2. Nf3 e6 3. d4 cxd4 4. Nxd4 Nc6 5. Nc3 Qc7 6. Be3 a6 7. g4 b5 8. Nxc6 dxc6 9. Qf3 e5 10. g5 Be6 11. h4 O-O-O 12. a4 Bb4 13. Bd3 Rd4 14. axb5 axb5 15. O-O Bxc3 16. Ra8+ Kd7 17. Rfa1 Bxb2 18. R1a7 Ra4 19. Rxc7+ Kxc7 20. Rf8 Ba3 21. Rxf7+ Bxf7 22. Qxf7+ Ne7 23. Qxg7 Raa8 24. Qxe5+ Bd6 25. Qe6 Rae8 26. e5 Bb4 27. Bxb5 cxb5 28. Qb6+ Kc8 29. e6 1-0

[Event "Hart House Reading Week op"]
[Site "Toronto CAN"]
[Date "2026.02.14"]
[Round "2.4"]
[White "Kot, Emanuel"]
[Black "Gavrilin, Roman"]
[Result "1/2-1/2"]
[WhiteElo "2282"]
[BlackElo "2154"]
[WhiteFideId "-1"]
[BlackFideId "-1"]
[PlyCount "68"]
[GameId "2277566675300352"]
[EventDate "2026.02.14"]
[EventType "swiss"]
[EventRounds "6"]
[EventCountry "CAN"]

1. e4 e5 2. Nf3 Nc6 3. Bb5 a6 4. Ba4 Nf6 5. O-O b5 6. Bb3 Bc5 7. a4 Rb8 8. c3 d6 9. d4 Bb6 10. a5 Ba7 11. Be3 exd4 12. cxd4 O-O 13. Nbd2 h6 14. h3 Nb4 15. Re1 c5 16. d5 Re8 17. Bc2 Bb7 18. Bb1 Rc8 19. g3 Bb8 20. Nh4 Qd7 21. Kh2 Rcd8 22. Qf3 Bc8 23. Nf5 Nxe4 24. Nxh6+ gxh6 25. Nxe4 Qxh3+ 26. Kg1 Nxd5 27. Ba2 c4 28. Rad1 Bg4 29. Nf6+ Nxf6 30. Qxf6 Bxd1 31. Rxd1 Rxe3 32. Qxd8+ Kg7 33. Qxb8 Rxg3+ 34. fxg3 Qxg3+ 1/2-1/2

[Event "Hart House Reading Week op"]
[Site "Toronto CAN"]
[Date "2026.02.14"]
[Round "2.5"]
[White "Huang, Youhe"]
[Black "Plotkin, Victor"]
[Result "1/2-1/2"]
[WhiteElo "2094"]
[BlackElo "2283"]
[WhiteFideId "-1"]
[BlackFideId "-1"]
[PlyCount "111"]
[GameId "2277566675300352"]
[EventDate "2026.02.14"]
[EventType "swiss"]
[EventRounds "6"]
[EventCountry "CAN"]

1. d4 d5 2. c4 e6 3. Nf3 Nf6 4. g3 Bb4+ 5. Bd2 Be7 6. Bg2 O-O 7. O-O dxc4 8. Qc2 a6 9. a4 Nc6 10. Qxc4 Qd5 11. Qxd5 exd5 12. Bf4 Bg4 13. e3 Rac8 14. h3 Be6 15. Ng5 Bf5 16. Nc3 h6 17. Nf3 Nb4 18. g4 Bh7 19. Ne5 c6 20. a5 Rcd8 21. Rfd1 Nd7 22. Bf1 f5 23. Nxd7 Rxd7 24. Na4 fxg4 25. Nb6 Rdd8 26. hxg4 Rf7 27. Rd2 Be4 28. Be2 Bh4 29. Rf1 Be7 30. Na4 g5 31. Be5 Re8 32. Nc3 Bg6 33. f4 gxf4 34. exf4 Bc2 35. Kg2 Bb3 36. Rh1 Rh7 37. Kg3 Bd8 38. Bf3 Bxa5 39. g5 Bc2 40. Rxc2 Nxc2 41. Nxd5 cxd5 42. Bxd5+ Kf8 43. Be4 Rxe5 44. dxe5 Rg7 45. Bxc2 hxg5 46. Rh8+ Rg8 47. Rxg8+ Kxg8 48. fxg5 Kf7 49. g6+ Kg7 50. Kf4 Bd2+ 51. Kf5 Bc1 52. b3 Ba3 53. Ke6 b5 54. Bd3 a5 55. Bxb5 Kxg6 56. Kd7 1/2-1/2

[Event "Hart House Reading Week op"]
[Site "Toronto CAN"]
[Date "2026.02.14"]
[Round "2.6"]
[White "Plotkin, Mark"]
[Black "Yin, Zeming"]
[Result "1-0"]
[WhiteElo "2370"]
[BlackElo "1993"]
[WhiteFideId "-1"]
[BlackFideId "-1"]
[PlyCount "173"]
[GameId "2277566675304448"]
[EventDate "2026.02.14"]
[EventType "swiss"]
[EventRounds "6"]
[EventCountry "CAN"]

1. d4 Nf6 2. c4 e6 3. Nc3 Bb4 4. e3 O-O 5. Bd3 d5 6. Nge2 dxc4 7. Bxc4 c5 8. O-O Nc6 9. a3 Bxc3 10. bxc3 Qc7 11. Ng3 Rd8 12. Qe2 b6 13. dxc5 Ne5 14. Ba2 Qxc5 15. e4 Bb7 16. Be3 Qxc3 17. Rfc1 Qa5 18. Rc7 Ba6 19. Qc2 h6 20. h3 Rac8 21. Rxc8 Rxc8 22. Qd1 Nd3 23. Bd4 Qg5 24. Qa4 Qb5 25. Qd1 Qg5 26. Qa4 Qb5 27. Qxb5 Bxb5 28. Be3 Nd7 29. a4 Bc6 30. a5 N7c5 31. Bb1 Ne5 32. axb6 axb6 33. Bc2 Nc4 34. Bf4 b5 35. f3 Ra8 36. Rb1 Ra2 37. Bd1 Nd3 38. Bc1 Nd2 39. Bxd2 Rxd2 40. Be2 Kf8 41. Bf1 Nf4 42. Rc1 Be8 43. Rc8 Ke7 44. Rb8 Bd7 45. Rb7 Rb2 46. e5 Ng6 47. Ne4 Nxe5 48. f4 Ng6 49. g3 Rb1 50. Kf2 f5 51. Nc5 Nf8 52. Bd3 Rc1 53. Nxd7 Nxd7 54. Bxb5 Rd1 55. Ke2 Rd5 56. Ke3 Rd6 57. g4 g6 58. Ra7 Rd5 59. Ba4 fxg4 60. hxg4 g5 61. f5 exf5 62. gxf5 Rxf5 63. Bxd7 Rf4 64. Bc6+ Kf6 65. Ra6 Kg7 66. Be4 Rf6 67. Ra7+ Rf7 68. Ra5 Rd7 69. Ra6 Rf7 70. Rg6+ Kf8 71. Rxh6 Ke7 72. Rg6 Rf6 73. Rxg5 Kd6 74. Kd4 Ke7 75. Ra5 Rd6+ 76. Bd5 Kf6 77. Ra1 Rd8 78. Rf1+ Kg5 79. Ke5 Re8+ 80. Be6 Ra8 81. Rg1+ Kh4 82. Bf5 Kh5 83. Kf4 Ra4+ 84. Be4 Kh6 85. Rg6+ Kh5 86. Rb6 Ra5 87. Bf3+ 1-0

[Event "Hart House Reading Week op"]
[Site "Toronto CAN"]
[Date "2026.02.14"]
[Round "2.7"]
[White "Abrahams, Daniel"]
[Black "Ivanov, Mike"]
[Result "0-1"]
[WhiteElo "2098"]
[BlackElo "2367"]
[WhiteFideId "-1"]
[BlackFideId "-1"]
[PlyCount "94"]
[GameId "2277566675308544"]
[EventDate "2026.02.14"]
[EventType "swiss"]
[EventRounds "6"]
[EventCountry "CAN"]

1. d4 Nf6 2. c4 g6 3. g3 Bg7 4. Bg2 O-O 5. Nc3 d6 6. Nf3 Bf5 7. Nh4 Bc8 8. Nf3 a5 9. O-O Bf5 10. Nh4 Be6 11. Qb3 Nbd7 12. e4 c6 13. a4 Nb8 14. h3 Ra6 15. d5 Rb6 16. Qc2 cxd5 17. cxd5 Bd7 18. Be3 Rb4 19. Rfc1 e6 20. Rab1 exd5 21. exd5 Na6 22. b3 Re8 23. Na2 Rxh4 24. gxh4 Bf5 25. Qc4 Bxb1 26. Rxb1 Nd7 27. Rc1 Rxe3 28. fxe3 Nac5 29. b4 Ne5 30. Qb5 axb4 31. Nxb4 Bh6 32. Kh1 Bxe3 33. Re1 Bf4 34. Nc6 bxc6 35. dxc6 Ne6 36. Rd1 Qxh4 37. c7 Nxc7 38. Qb8+ Kg7 39. Qxc7 Qg3 40. Kg1 Be3+ 41. Kh1 Bf4 42. Kg1 Nf3+ 43. Kf1 Nd2+ 44. Kg1 Qe3+ 45. Kh1 Ne4 46. Bxe4 Qxh3+ 47. Kg1 Be3# 0-1

[Event "Hart House Reading Week op"]
[Site "Toronto CAN"]
[Date "2026.02.14"]
[Round "2.8"]
[White "Zhang, Samuel"]
[Black "Marchand, Calix"]
[Result "1-0"]
[WhiteElo "2140"]
[BlackElo "2088"]
[WhiteFideId "-1"]
[BlackFideId "-1"]
[PlyCount "92"]
[GameId "2277566675312640"]
[EventDate "2026.02.14"]
[EventType "swiss"]
[EventRounds "6"]
[EventCountry "CAN"]

1. e4 c6 2. d4 d5 3. Nc3 dxe4 4. Nxe4 Nf6 5. Nxf6+ exf6 6. c3 Bd6 7. Bd3 O-O 8. Qc2 Re8+ 9. Ne2 h5 10. Be3 Nd7 11. O-O-O Nf8 12. c4 Be6 13. Nc3 Rc8 14. Kb1 Bb4 15. Ne4 Be7 16. h4 b5 17. Rhe1 Bb4 18. Bd2 Bxd2 19. Qxd2 Ng6 20. c5 Qd5 21. b3 Bf5 22. Nd6 Rxe1 23. Rxe1 Bxd3+ 24. Qxd3 Rc7 25. f3 a6 26. Kb2 Re7 27. Rxe7 Nxe7 28. Qe4 Kf8 29. Kc3 f5 30. Qe3 f6 31. Kd3 a5 32. Qe1 b4 33. Nc4 Ng6 34. Qg3 Ne7 35. Qb8+ Kf7 36. Nd6+ Ke6 37. Qf8 f4 38. Qxg7 Kd7 39. Qxf6 Qg8 40. Nc4 Qxg2 41. Ne5+ Kc8 42. Qf8+ Kb7 43. Qxe7+ Ka6 44. Qc7 Qf1+ 45. Ke4 Qe2+ 46. Kf5 Qc2+ 1-0

[Event "Hart House Reading Week op"]
[Site "Toronto CAN"]
[Date "2026.02.14"]
[Round "2.9"]
[White "Dhaliwal, Jaipreet Singh"]
[Black "Yang, Larry"]
[Result "1/2-1/2"]
[WhiteElo "2085"]
[BlackElo "2110"]
[WhiteFideId "-1"]
[BlackFideId "-1"]
[PlyCount "148"]
[GameId "2277566675316736"]
[EventDate "2026.02.14"]
[EventType "swiss"]
[EventRounds "6"]
[EventCountry "CAN"]

1. e4 c5 2. Nf3 Nc6 3. d4 cxd4 4. Nxd4 g6 5. Nc3 Bg7 6. Be3 Nf6 7. Bc4 Qa5 8. O-O O-O 9. Bb3 d6 10. h3 Bd7 11. Re1 Rac8 12. Nd5 Rfe8 13. Bd2 Qd8 14. Bc3 Ne5 15. Qe2 Nh5 16. Bd2 Nc6 17. Nxc6 bxc6 18. Nc3 c5 19. Rad1 Qc7 20. Bc4 Nf6 21. Bf4 Nh5 22. Bd2 Bc6 23. b3 Rcd8 24. Qf3 Rf8 25. Nd5 Bxd5 26. exd5 Nf6 27. Bc3 Rb8 28. Re3 Rfe8 29. Rde1 Qd8 30. Qe2 Rb7 31. a4 Kf8 32. g3 Kg8 33. Ba6 Rb6 34. Bc4 Rb7 35. a5 Kf8 36. Ba6 Rb8 37. Bc4 Rb7 38. Qd3 Nd7 39. f4 Bxc3 40. Qxc3 Kg8 41. R1e2 Rb4 42. Qa1 Rb7 43. Kg2 Nf8 44. Qa4 Qb8 45. Re4 f6 46. Ba6 Rb4 47. Rxb4 cxb4 48. Bb5 Rc8 49. Bc6 Qc7 50. Qxb4 e5 51. fxe5 fxe5 52. Rf2 Ne6 53. c3 Nd8 54. Qg4 Nxc6 55. Qe6+ Kg7 56. Qf6+ Kg8 57. Qe6+ Kg7 58. dxc6 Qxc6+ 59. Kh2 Qc7 60. Qf6+ Kg8 61. c4 Re8 62. h4 Qe7 63. Qf3 e4 64. Qe3 Rf8 65. Kg2 Rxf2+ 66. Kxf2 Qf6+ 67. Kg2 Qb2+ 68. Kf1 Qa1+ 69. Ke2 Qa2+ 70. Kd1 Qb1+ 71. Kd2 Qb2+ 72. Kd1 Qb1+ 73. Kd2 Qa2+ 74. Kd1 Qb1+ 1/2-1/2

[Event "Hart House Reading Week op"]
[Site "Toronto CAN"]
[Date "2026.02.14"]
[Round "2.10"]
[White "Qiao, Cindy"]
[Black "Noritsyn, Nikolay"]
[Result "0-1"]
[WhiteElo "1953"]
[BlackElo "2463"]
[WhiteFideId "-1"]
[BlackFideId "-1"]
[PlyCount "64"]
[GameId "2277566675329024"]
[EventDate "2026.02.14"]
[EventType "swiss"]
[EventRounds "6"]
[EventCountry "CAN"]

1. e4 e6 2. d4 d5 3. Bd3 dxe4 4. Bxe4 Nf6 5. Bf3 c5 6. Ne2 Be7 7. Nbc3 O-O 8. Be3 cxd4 9. Nxd4 Nbd7 10. Qe2 Ne5 11. O-O-O Qc7 12. g4 a6 13. g5 Nfd7 14. Nb3 Rb8 15. Be4 b5 16. h4 b4 17. Nb1 a5 18. N3d2 Nc5 19. Bd4 Bd6 20. Rdg1 Ba6 21. Qh5 g6 22. Qh6 Rfc8 23. f4 Nxe4 24. c3 bxc3 25. bxc3 Qb7 26. Nb3 Nd3+ 27. Kc2 Bf8 28. Qxh7+ Kxh7 29. h5 a4 30. hxg6+ Kxg6 31. f5+ Kxf5 32. Rf1+ Nf4 0-1

[Event "Hart House Reading Week op"]
[Site "Toronto CAN"]
[Date "2026.02.15"]
[Round "3.1"]
[White "Atanasov, Anthony"]
[Black "Razin, Vadim"]
[Result "1-0"]
[WhiteElo "2441"]
[BlackElo "2336"]
[WhiteFideId "-1"]
[BlackFideId "-1"]
[PlyCount "79"]
[GameId "2277830597718016"]
[EventDate "2026.02.14"]
[EventType "swiss"]
[EventRounds "6"]
[EventCountry "CAN"]

1. e4 e6 2. d4 d5 3. Nc3 Bb4 4. exd5 exd5 5. Bd3 Nc6 6. Nf3 Nge7 7. O-O Bf5 8. Ne2 Bd6 9. c3 Qd7 10. Bf4 O-O-O 11. Bxd6 Qxd6 12. Ng3 Bxd3 13. Qxd3 Qg6 14. Qd2 Nf5 15. Rae1 Rhe8 16. Qf4 Nxg3 17. hxg3 f6 18. Nh4 Qc2 19. Qg4+ Kb8 20. Rc1 Qxb2 21. Qxg7 Re2 22. Qxf6 a5 23. Rb1 Qxc3 24. Nf3 Rxa2 25. Ne5 Rd6 26. Qh8+ Ka7 27. Qc8 Nb4 28. Nd7 Rxd7 29. Qxd7 c6 30. Qxh7 Qxd4 31. Qh4 Qc3 32. g4 Re2 33. g5 Re4 34. f4 Re8 35. f5 Nd3 36. Rf3 Rh8 37. Qxh8 Qxh8 38. Rxd3 Qh4 39. f6 Qe4 40. Rbd1 1-0

[Event "Hart House Reading Week op"]
[Site "Toronto CAN"]
[Date "2026.02.15"]
[Round "3.2"]
[White "Kot, Emanuel"]
[Black "Jaferian, Koosha"]
[Result "1/2-1/2"]
[WhiteElo "2282"]
[BlackElo "2195"]
[WhiteFideId "-1"]
[BlackFideId "-1"]
[PlyCount "50"]
[GameId "2277830597718016"]
[EventDate "2026.02.14"]
[EventType "swiss"]
[EventRounds "6"]
[EventCountry "CAN"]

1. e4 {[%eval 18,0]} c6 {[%eval 31,0]} 2. d4 {[%eval 24,0]} d5 {[%eval 24,0]} 3. Nc3 {[%eval 34,0]} dxe4 {[%eval 18,0]} 4. Nxe4 {[%eval 28,0]} Nf6 {[%eval 31,0]} 5. Nxf6+ {[%eval 29,0]} exf6 {[%eval 22,0]} 6. c3 {[%eval 22,0]} Bd6 {[%eval 27,0]} 7. Bd3 {[%eval 25,0]} O-O {[%eval 24,0]} 8. Qc2 {[%eval 33,0]} Re8+ {[%eval 31,0]} 9. Ne2 {[%eval 3,0]} h5 {[%eval 4,0]} 10. O-O {[%eval 32,0]} h4 {[%eval 34,0]} 11. h3 {[%eval 34,0]} Nd7 {[%eval 36,0]} 12. Bd2 {[%eval 34,0]} Nf8 {[%eval 31,0]} 13. Rae1 {[%eval 43,0]} Bd7 {[%eval 36,0]} 14. f4 {[%eval 18,0]} c5 {[%eval 14,0]} 15. d5 {[%eval 14,0]} b5 {[%eval 2,0]} 16. c4 {[%eval 13,0]} bxc4 {[%eval 18,0]} 17. Bxc4 {[%eval 21,0]} Qb6 {[%eval 27,0]} 18. f5 {[%eval 5,0]} Bb5 {[%eval 0,0]} 19. Bxb5 {[%eval 0,0]} Qxb5 {[%eval 3,0]} 20. Nc3 {[%eval 0,0]} Qc4 {[%eval 0,0]} 21. Re4 {[%eval 0,0]} Bh2+ {[%eval 0,0]} 22. Kf2 {[%eval 0,0]} Bg3+ {[%eval 0,0]} 23. Kg1 {[%eval 0,0]} Bh2+ {[%eval 0,0]} 24. Kf2 {[%eval 0,0]} Bg3+ {[%eval 0,0]} 25. Kg1 {[%eval 0,0]} Bh2+ {[%eval 0,0]} 1/2-1/2

[Event "Hart House Reading Week op"]
[Site "Toronto CAN"]
[Date "2026.02.15"]
[Round "3.3"]
[White "Gavrilin, Roman"]
[Black "Plotkin, Mark"]
[Result "0-1"]
[WhiteElo "2154"]
[BlackElo "2370"]
[WhiteFideId "-1"]
[BlackFideId "-1"]
[PlyCount "68"]
[GameId "2277830597722112"]
[EventDate "2026.02.14"]
[EventType "swiss"]
[EventRounds "6"]
[EventCountry "CAN"]

1. d4 d5 2. c4 c6 3. Nf3 Nf6 4. g3 e6 5. Bg2 Be7 6. O-O O-O 7. Qc2 Nbd7 8. Nbd2 b6 9. e4 Bb7 10. e5 Ne8 11. cxd5 cxd5 12. Re1 Rc8 13. Qd3 a5 14. Nf1 Nc7 15. h4 Ba6 16. Qd1 b5 17. h5 b4 18. N1h2 Nb6 19. Ng4 a4 20. Bf1 Bxf1 21. Kxf1 a3 22. bxa3 bxa3 23. Qd3 Nc4 24. Rb1 Na6 25. Rb7 Rc7 26. Rxc7 Nxc7 27. Ne3 Qa8 28. Ng4 Qa6 29. Kg2 Nb2 30. Qc3 Nb5 31. Qd2 Nc4 32. Qf4 f5 33. exf6 Bxf6 34. h6 Be7 0-1

[Event "Hart House Reading Week op"]
[Site "Toronto CAN"]
[Date "2026.02.15"]
[Round "3.4"]
[White "Plotkin, Victor"]
[Black "Zhang, Samuel"]
[Result "1-0"]
[WhiteElo "2283"]
[BlackElo "2140"]
[WhiteFideId "-1"]
[BlackFideId "-1"]
[PlyCount "77"]
[GameId "2277830597722112"]
[EventDate "2026.02.14"]
[EventType "swiss"]
[EventRounds "6"]
[EventCountry "CAN"]

1. e4 c5 2. Nf3 d6 3. Bc4 e6 4. O-O Nf6 5. d3 Be7 6. c3 O-O 7. Bb3 b5 8. Re1 Qc7 9. Nbd2 Nc6 10. Nf1 Rb8 11. Ng3 Bd7 12. d4 e5 13. h3 Rfc8 14. d5 Na5 15. Bc2 c4 16. Nh4 g6 17. f4 b4 18. Nf3 Ne8 19. Rf1 Bf6 20. fxe5 dxe5 21. Be3 Nd6 22. Nh2 Bg7 23. Ng4 Bxg4 24. Qxg4 bxc3 25. bxc3 Nb5 26. Bd2 Nb7 27. Ba4 Nc5 28. Bxb5 Rxb5 29. Rf3 Rb2 30. Be3 h5 31. Qh4 Na4 32. Raf1 Qd8 33. Bg5 Qb6+ 34. Kh2 Rb1 35. Rxb1 Qxb1 36. Nxh5 gxh5 37. Bf6 Bxf6 38. Qxf6 Qb7 39. d6 1-0

[Event "Hart House Reading Week op"]
[Site "Toronto CAN"]
[Date "2026.02.15"]
[Round "3.5"]
[White "Noritsyn, Sergey"]
[Black "Huang, Youhe"]
[Result "0-1"]
[WhiteElo "2290"]
[BlackElo "2094"]
[WhiteFideId "-1"]
[BlackFideId "-1"]
[PlyCount "78"]
[GameId "2277830597726208"]
[EventDate "2026.02.14"]
[EventType "swiss"]
[EventRounds "6"]
[EventCountry "CAN"]

1. e4 e5 2. Nf3 Nc6 3. Bc4 Nf6 4. d3 h6 5. O-O d6 6. c3 g5 7. Nbd2 g4 8. Nh4 h5 9. g3 Nh7 10. f3 Ng5 11. fxg4 hxg4 12. Nf5 d5 13. exd5 b5 14. dxc6 bxc4 15. Qxg4 Nh3+ 16. Kg2 Qxd3 17. Qe4 Be6 18. Qxd3 cxd3 19. c4 O-O-O 20. b3 Nf4+ 21. gxf4 Bxf5 22. fxe5 Bh3+ 23. Kf3 Bxf1 24. Nxf1 Bg7 25. Bf4 Rhe8 26. Re1 Re6 27. Ng3 Bxe5 28. Bxe5 d2 29. Rd1 Rxe5 30. Ne4 f5 31. Nxd2 Rd3+ 32. Kf2 Re8 33. h4 f4 34. h5 f3 35. h6 Re2+ 36. Kg3 f2+ 37. Kg4 Rdxd2 38. h7 Re8 39. Rh1 Rh8 0-1

[Event "Hart House Reading Week op"]
[Site "Toronto CAN"]
[Date "2026.02.15"]
[Round "3.6"]
[White "Noritsyn, Nikolay"]
[Black "Dhaliwal, Jaipreet Singh"]
[Result "1-0"]
[WhiteElo "2463"]
[BlackElo "2085"]
[WhiteFideId "-1"]
[BlackFideId "-1"]
[PlyCount "109"]
[GameId "2277830597726208"]
[EventDate "2026.02.14"]
[EventType "swiss"]
[EventRounds "6"]
[EventCountry "CAN"]

1. d4 Nf6 2. Nf3 g6 3. Nbd2 d5 4. b4 Bg7 5. e3 O-O 6. Bb2 b6 7. c4 dxc4 8. Bxc4 Bb7 9. O-O e6 10. Qb3 Nbd7 11. Rfd1 Qe7 12. Rac1 Rfc8 13. a4 a5 14. b5 Bf8 15. Rc2 c6 16. Rdc1 cxb5 17. Bxb5 Rxc2 18. Rxc2 Rc8 19. Rxc8 Bxc8 20. Qc2 Qd8 21. e4 Bb7 22. Kf1 Bb4 23. h3 h6 24. Ke2 Nf8 25. Bd3 N8h7 26. Ne5 Qc8 27. Qxc8+ Bxc8 28. Ndc4 Nd7 29. Nxd7 Bxd7 30. Nxb6 Bc6 31. f3 Nf8 32. Bb5 Bb7 33. Bc1 Kg7 34. Bd2 Bxd2 35. Kxd2 f5 36. Ke3 Kf6 37. Nc4 Ke7 38. Nxa5 Bc8 39. Nc4 Kd8 40. Ne5 Kc7 41. Nf7 h5 42. h4 Bb7 43. a5 Nh7 44. Ng5 Nf8 45. Kf4 Kd6 46. Bc4 Ba8 47. a6 Ke7 48. a7 Kd6 49. Ke3 Nd7 50. Bxe6 Nb6 51. Bf7 fxe4 52. fxe4 Nc8 53. Bxg6 Nxa7 54. Bxh5 Nc6 55. Bf3 1-0

[Event "Hart House Reading Week op"]
[Site "Toronto CAN"]
[Date "2026.02.15"]
[Round "3.7"]
[White "Findlay, Ian"]
[Black "Moses, Neil"]
[Result "0-1"]
[WhiteElo "2065"]
[BlackElo "2222"]
[WhiteFideId "-1"]
[BlackFideId "-1"]
[PlyCount "90"]
[GameId "2277830597730304"]
[EventDate "2026.02.14"]
[EventType "swiss"]
[EventRounds "6"]
[EventCountry "CAN"]

1. e4 c5 2. Nf3 d6 3. d4 cxd4 4. Nxd4 Nf6 5. Nc3 Nc6 6. Bg5 e6 7. Qd2 Qb6 8. O-O-O a6 9. Be2 Be7 10. Be3 Qc7 11. g4 Ne5 12. Rhg1 Nc4 13. Bxc4 Qxc4 14. g5 Nd7 15. h4 b5 16. b3 Qc7 17. h5 g6 18. Rh1 Rg8 19. hxg6 hxg6 20. Rh7 Bb7 21. f3 Rc8 22. Ndxb5 axb5 23. Nxb5 Qb8 24. Nxd6+ Bxd6 25. Qxd6 Qxd6 26. Rxd6 Ke7 27. Rd2 Rc3 28. Rd3 Rxd3 29. cxd3 Ne5 30. Bc5+ Ke8 31. Kc2 Nxf3 32. Be3 e5 33. Kc3 Ke7 34. Rh3 Rc8+ 35. Kb4 Ne1 36. Bf2 Ng2 37. Rf3 Rc2 38. a4 Nf4 39. Bg3 Rg2 40. Ka3 Bc8 41. Bxf4 exf4 42. Rxf4 Rxg5 43. b4 Rg3 44. b5 Rxd3+ 45. Kb4 Rd4+ 0-1

[Event "Hart House Reading Week op"]
[Site "Toronto CAN"]
[Date "2026.02.15"]
[Round "3.8"]
[White "Malakar, Saarthak"]
[Black "Gao, Raymond"]
[Result "1-0"]
[WhiteElo "2206"]
[BlackElo "2056"]
[WhiteFideId "-1"]
[BlackFideId "-1"]
[PlyCount "55"]
[GameId "2277830597734400"]
[EventDate "2026.02.14"]
[EventType "swiss"]
[EventRounds "6"]
[EventCountry "CAN"]

1. d4 Nf6 2. Nf3 c5 3. d5 b5 4. Bg5 g6 5. d6 Bb7 6. c4 a6 7. cxb5 axb5 8. Nc3 Bc6 9. Bxf6 exf6 10. e4 Qb6 11. Qb3 Bg7 12. Bxb5 f5 13. O-O fxe4 14. Nd5 Bxd5 15. Qxd5 exf3 16. Rfe1+ Kd8 17. Qxa8 Qxb5 18. Re3 c4 19. Qa7 Na6 20. Ra3 f5 21. Rxa6 Ke8 22. Re1+ Kf8 23. Rb6 Qa4 24. Rb8+ Kf7 25. Qxa4 Rxb8 26. Qxd7+ Kf8 27. Re7 c3 28. Rf7+ 1-0

[Event "Hart House Reading Week op"]
[Site "Toronto CAN"]
[Date "2026.02.15"]
[Round "3.9"]
[White "Wang, Bingfei"]
[Black "Xu, Zhihan (Samuel)"]
[Result "1-0"]
[WhiteElo "2025"]
[BlackElo "2146"]
[WhiteFideId "-1"]
[BlackFideId "-1"]
[PlyCount "139"]
[GameId "2277830597734400"]
[EventDate "2026.02.14"]
[EventType "swiss"]
[EventRounds "6"]
[EventCountry "CAN"]

1. d4 Nf6 2. Nf3 d5 3. c4 e6 4. Nc3 Bb4 5. Bg5 h6 6. Bxf6 Qxf6 7. Qb3 Nc6 8. e3 Bxc3+ 9. Qxc3 O-O 10. Be2 Bd7 11. O-O Rac8 12. Rfd1 Rfd8 13. Rac1 Ne7 14. Qb3 Bc6 15. c5 Ng6 16. Qc3 Re8 17. Bd3 Nh4 18. Ne5 Qg5 19. g3 Nf5 20. b4 Ba4 21. Rd2 a6 22. c6 bxc6 23. Bxa6 Rb8 24. Bd3 Rec8 25. a3 Ra8 26. Ra2 h5 27. Bxf5 Qxf5 28. h4 Ra6 29. Qc5 Qf6 30. Qc3 Qf5 31. Qd2 Bb5 32. Qd1 Rca8 33. Rc3 Ba4 34. Qc1 R8a7 35. Kg2 Bb5 36. Nxc6 Bxc6 37. Rxc6 Qe4+ 38. f3 Rxc6 39. Qxc6 Qb1 40. Qe8+ Kh7 41. Re2 Qd3 42. Kf2 Qf5 43. a4 f6 44. a5 e5 45. dxe5 Qxe5 46. Qb8 Ra6 47. Qb5 Qe6 48. Rd2 Rd6 49. Qd3+ g6 50. b5 Qh3 51. Qf1 Qd7 52. a6 c5 53. Qa1 Qh3 54. Qf1 Qd7 55. Ra2 Qa7 56. Qb1 Rb6 57. Ra5 c4 58. g4 Re6 59. Ra3 Qc5 60. Qb2 Qc7 61. Kg2 Qa7 62. gxh5 gxh5 63. Qc2+ Kh6 64. Qf5 Qg7+ 65. Kf2 Re5 66. Qf4+ Kh7 67. a7 Qg6 68. a8=Q Qc2+ 69. Kg3 Qg6+ 70. Kh3 1-0

[Event "Hart House Reading Week op"]
[Site "Toronto CAN"]
[Date "2026.02.15"]
[Round "3.10"]
[White "Yang, Larry"]
[Black "Yin, Zeming"]
[Result "1/2-1/2"]
[WhiteElo "2110"]
[BlackElo "1993"]
[WhiteFideId "-1"]
[BlackFideId "-1"]
[PlyCount "111"]
[GameId "2277830597742592"]
[EventDate "2026.02.14"]
[EventType "swiss"]
[EventRounds "6"]
[EventCountry "CAN"]

1. e4 c5 2. Nf3 Nc6 3. Bb5 g6 4. O-O Bg7 5. c3 Nf6 6. Re1 O-O 7. d4 a6 8. Ba4 cxd4 9. cxd4 b5 10. Bb3 d6 11. h3 Na5 12. Bc2 Bb7 13. Nbd2 Rc8 14. Rb1 Nc6 15. b4 Nd7 16. Nf1 e5 17. d5 Nd4 18. Nxd4 exd4 19. Bb2 Re8 20. Bb3 Qb6 21. Nd2 Ne5 22. Nf3 Nxf3+ 23. Qxf3 Rc4 24. Qd3 Rec8 25. Rbc1 Rxc1 26. Bxc1 Rc3 27. Qd2 a5 28. bxa5 Qxa5 29. Bb2 b4 30. Bxc3 bxc3 31. Qe2 Ba6 32. Bc4 Bxc4 33. Qxc4 Qc5 34. Qd3 Bh6 35. Re2 Bd2 36. Rxd2 cxd2 37. Qxd2 Qc3 38. Qd1 d3 39. Kf1 Qc2 40. Ke1 Qc4 41. Kd2 Qxe4 42. Qf3 Qc4 43. Qxd3 Qxa2+ 44. Ke3 Qa1 45. Qb3 Qc1+ 46. Kf3 Qc5 47. g3 Kg7 48. Qb2+ Kg8 49. Qa2 Qd4 50. Qa8+ Kg7 51. Qc6 Qd3+ 52. Kg2 Qe4+ 53. Kh2 Qe5 54. h4 h5 55. Qc4 Kg8 56. Qc6 1/2-1/2